ბათუმის შოთა რუსთაველის სახელმწიფო უნივერსიტეტის ბიბლიოთეკა

რელიგიურ-ეთიკური ნორმების ცოდნის სასწავლო პროცესში ჩართვის გზები და საშუალებები / (ბიბ.ჩანაწერი № 38286)

000 -ლიდერი
ფიქსირებული სიგრძის საკონტროლო ველი 01188nam a2200241Ia 4500
001 - საკონტროლო ნომერი
საკონტროლო ველი 4294
003 - საკონტროლო ნომრის იდენტიფიკატორი
საკონტროლო ველი GE_BSU
005 - ბოლო ოპერაციის თარიღი და დრო
საკონტროლო ველი 20191009162318.0
008 - ფიქსირებული სიგრძის მონაცემთა ელემენტები - ზოგადი ინფორმაცია
ფიქსირებული სიგრძის საკონტროლო ველი 181216s2003||||ge |||||||||||||| ||geo||
020 ## - წიგნის საერთაშორისო სტანდარტული ნომერი
International Standard Book Number 9994070827
040 ## - კატალოგიზაციის წყარო
Transcribing agency GE_BSU
041 ## - ენის კოდი
Language code of text/sound track or separate title geo
080 ## - უნივერსალური ათობითი კლასიფიკაციის ინდექსი
Universal Decimal Classification number 37.014.52 მ–47
100 ## - მთავარი ჩანაწერი - პიროვნების სახელი
Personal name მეგრელაძე, ციალა
9 (RLIN) 1081
245 ## - ცნობა სათაურის შესახებ
Title რელიგიურ-ეთიკური ნორმების ცოდნის სასწავლო პროცესში ჩართვის გზები და საშუალებები /
Statement of responsibility, etc რედ.: ალექსანდრე გობრონიძე
264 ## - წარმოების, გამოცემის, დისტრიბუციის და სხვა ცნობები
გამოცემის, წარმოების, დისტრიბუციის... ადგილი ბათუმი :
გამოცემის, წარმოების, დისტრიბუციის... სახელწოდება აჭარა,
გამოცემის, წარმოების, დისტრიბუციის... თარიღი 2003.
300 ## - ფიზიკური აღწერა
Extent 229გვ. 20სმ.
653 ## - INDEX TERM--UNCONTROLLED
Uncontrolled term რელიგიურ-ეთიკური ნორმების ცოდნის სასწავლო პროცესში ჩართვის გზები და საშუალებები
653 ## - INDEX TERM--UNCONTROLLED
Uncontrolled term რელიგიური აღზრდა
700 ## - ADDED ENTRY--PERSONAL NAME
Personal name გობრონიძე, ალ.
Relator term რედაქტორი
9 (RLIN) 4660
942 ## - ADDED ENTRY ELEMENTS (KOHA)
Koha item type წიგნი
Source of classification or shelving scheme
ეგზემპლარები
ჩამოწერის სტატუსი დაკარგული ეგზემპლარის სტატუსი კლასიფიკაციის წყარო ან თაროზე გაწყობის სქემა დაზიანების სტატუსი არ გაიცემა მუდმივი მდებარეობა (დაცვის ადგილი) ამჟამინდელი ადგილსამყოფელი თაროზე განთავსების ადგილი შეძენის თარიღი ღირებულება, შესყიდვის ნორმალური ფასი სრული შენახვის შიფრი შტრიხკოდი ბოლო ოპერაციის თარიღი ეგზემპლარის მიმდევრობითი ნომერი (კეტერი?) ფასის ძალაში შესვლის თარიღი ეგზემპლარის სახეობა საჯარო შენიშვნა
          ბათუმის შოთა რუსთაველის სახელმწიფო უნივერსიტეტის მთავარი ბიბლიოთეკა ბათუმის შოთა რუსთაველის სახელმწიფო უნივერსიტეტის მთავარი ბიბლიოთეკა წიგნსაცავი 2018-12-17 5.00 37.014.52 მ–47 5972 2018-12-17 5972 2018-12-17 წიგნი 5 ლ.